Parque Nacional Natural Tatamá (Registro nro. 20774)

Detalles MARC
000 -CABECERA
Campo de control 00868nam a22002057a 4500
005 - FECHA Y HORA DE LA ULTIMA TRANSACCION
Campo de control 20200130112248.0
008 - ELEMENTOS DE LONGITUD FIJA—INFORMACION GENERAL
Campo de control 200130b xxu||||| |||| 00| 0 spa d
040 ## - FUENTE DE CATALOGACIÓN
Agencia catalogadora original CO-BoIAVH
Agencia transcriptora CO-BoIAVH
041 ## - IDIOMA
Código de idioma para texto/pista de sonido o título separado Español
044 ## - PAÍS DE PUBLICACIÓN
País de publicación Colombia
110 ## - ASIENTO PRINCIPAL--NOMBRE CORPORATIVO
9 (RLIN) 36460
Nombre corporativo o de jurisdicción como elemento de entrada Parques Nacionales Naturales de Colombia
245 ## - MENCION DE TITULO
Título Parque Nacional Natural Tatamá
Mención de responsabilidad Parques Nacionales Naturales de Colombia
260 ## - PUBLICACION, DISTRIBUCION, ETC. (PIE DE IMPRENTA)
Lugar de publicación, distribución, etc. s.l:
Nombre del editor, distribuidor, etc. Parques Nacionales Naturales de Colombia,
-- Embajada Real de los Países Bajos,
-- Corporación para la protección ambiental, cultural y el ordenamiento territorial,
Fecha de publicación, distribución, etc. s.f.
300 ## - DESCRIPCION FISICA
Extensión 51 páginas,
Otros detalles físicos Ilustraciones, mapas y tablas
Dimensiones 20.8 x 21 cm
504 ## - NOTA DE BIBLIOGRAFIA, ETC.
Nota de bibliografía Bibliografía (página 51)
650 #0 - ASIENTO SECUNDARIO DE MATERIA - TERMINO TEMATICO
9 (RLIN) 102260
Término temático o nombre geográfico como elemento de entrada Parque nacional natural
Subdivisión general Tatamá
650 #0 - ASIENTO SECUNDARIO DE MATERIA - TERMINO TEMATICO
9 (RLIN) 109
Término temático o nombre geográfico como elemento de entrada Conservación de los recursos naturales
651 #0 - ASIENTO SECUNDARIO DE MATERIA - NOMBRE GEOGRAFICO
9 (RLIN) 102471
Nombre geográfico Cordillera ocidental
942 ## - ELEMENTOS ADICIONALES (KOHA)
Sistema de clasificación Local
Tipo de ítem Folleto
Existencias
Withdrawn status Lost status Sistema de Clasificación Damaged status No para préstamo Colección Ubicación Permanente Ubicación actual Fecha de adquisición Total Checkouts Número topográfico Inventario / Código de Barras Date last seen Ejemplar Price effective from Forma de adquisición Tipo de material
    Local     Hemeroteca Bogotá Bogotá 30/01/2020   FG-0455 034624 30/01/2020 Ej. 1 30/01/2020 Donación Folleto